Catálogo público

El presupuesto de bienes de capital : la toma de decisiones / (Record no. 173562)

MARC details
000 -CABECERA
campo de control de longitud fija 01055nam a2200325Ia 4500
001 - NÚMERO DE CONTROL
campo de control dia_3056
003 - IDENTIFICADOR DEL NÚMERO DE CONTROL
campo de control CHAP
005 - FECHA Y HORA DE LA ÚLTIMA TRANSACCIÓN
campo de control 20230314115720.0
008 - DATOS DE LONGITUD FIJA--INFORMACIÓN GENERAL
campo de control de longitud fija 220117s1977 xx 000 0 und d
010 ## - NÚMERO DE CONTROL DE LA BIBLIOTECA DEL CONGRESO
Número de control de LC 173562
020 ## - NÚMERO INTERNACIONAL ESTÁNDAR DEL LIBRO
Número Internacional Estándar del Libro 968-15-1502-6
040 ## - FUENTE DE LA CATALOGACIÓN
Centro/agencia transcriptor CHAP
082 ## - NÚMERO DE LA CLASIFICACIÓN DECIMAL DEWEY
Número de clasificación 332.4 B54 1977
100 ## - ENTRADA PRINCIPAL--NOMBRE DE PERSONA
Nombre de persona Biernan, Harold
9 (RLIN) 153986
245 ## - MENCIÓN DE TÍTULO
Título El presupuesto de bienes de capital : la toma de decisiones /
Mención de responsabilidad, etc. Harnold Biernam Jr. y Seymour Smidt ; traducción Eduardo L. Suárez
260 ## - PUBLICACIÓN, DISTRIBUCIÓN, ETC.
Lugar de publicación, distribución, etc. Mexico :
Nombre del editor, distribuidor, etc. Fondo de Cultura Económica,
Fecha de publicación, distribución, etc. 1977
300 ## - DESCRIPCIÓN FÍSICA
Extensión 462 p
400 ## - MENCIÓN DE SERIE/PUNTO DE ACCESO ADICIONAL--NOMBRE DE PERSONA [OBSOLETO, CAN/MARC], [LOCAL, USA]
Nombre de persona SECCION DE OBRAS DE ECONOMIA
440 ## - MENCIÓN DE SERIE/PUNTO DE ACCESO ADICIONAL--TÍTULO
Título Obras de economía
9 (RLIN) 82534
500 ## - NOTA GENERAL
Nota general Título original: The capital budgeting decision
503 ## - NOTA DE HISTORIA BIBLIOGRÁFICA (BK CF MU) [OBSOLETO]
Nota de historia bibliográfica C/e
650 ## - PUNTO DE ACCESO ADICIONAL DE MATERIA--TÉRMINO DE MATERIA
Término de materia o nombre geográfico como elemento de entrada Economía
9 (RLIN) 35226
650 ## - PUNTO DE ACCESO ADICIONAL DE MATERIA--TÉRMINO DE MATERIA
Término de materia o nombre geográfico como elemento de entrada Toma de decisiones
9 (RLIN) 113662
700 ## - PUNTO DE ACCESO ADICIONAL--NOMBRE DE PERSONA
Nombre de persona Smidt, Seymour, coaut.
9 (RLIN) 153987
700 ## - PUNTO DE ACCESO ADICIONAL--NOMBRE DE PERSONA
Nombre de persona Suárez, Eduardo L., tr.
9 (RLIN) 138931
901 ## - ELEMENTOS DE DATOS A LOCAL LDA (RLIN)
a 332.4 B54 1977
902 ## - ELEMENTOS DE DATOS B LOCAL, LDB (RLIN)
a M
905 ## - ELEMENTOS DE DATOS E LOCAL, LDE (RLIN)
a 0000001977 MX mn 0000000000SPA00
942 ## - ELEMENTOS DE PUNTO DE ACCESO ADICIONAL (KOHA)
Tipo de ítem Koha Libro
Fuente del sistema de clasificación o colocación Dewey Decimal Classification
Holdings
Estado de retiro Estado de pérdida Fuente del sistema de clasificación o colocación Estado dañado Restricciones de uso No para préstamo Código de colección Localización permanente Ubicación/localización actual Fecha de adquisición Fuente de adquisición Coste, precio normal de compra Número de inventario Total de préstamos Signatura topográfica completa Código de barras Fecha visto por última vez Número de copia Tipo de ítem Koha
    Dewey Decimal Classification   Préstamo 5 días   General Ingenieria Agroindustrial Ingenieria Agroindustrial 01/04/1992 Compra F. 6589 / R. 15500.00 C/e   332.4 B54 1977 dia_003761 18/01/2022 2 Libro
    Dewey Decimal Classification   Préstamo interno   General Ingenieria Agroindustrial Ingenieria Agroindustrial 07/09/1994 Compra Librería Patena F. 6835 / R. (07/09/1994) 14.00     332.4 B54 1977 dia_003760 18/01/2022 1 Libro